[Event "Herne op 5th"]
[Site "Herne"]
[Date "2016.05.25"]
[Round "1"]
[White "Hahn, Matthias"]
[Black "Irgel, Klaus"]
[Result "1-0"]
[WhiteElo "2091"]
[BlackElo "1827"]
[PlyCount "55"]
[EventDate "2016.05.25"]
[EventType "swiss"]
[EventRounds "7"]
[EventCountry "GER"]
[SourceTitle "CBM 172 Extra"]
[Source "ChessBase"]
[SourceDate "2016.06.21"]
[SourceVersion "1"]
[SourceVersionDate "2016.06.21"]
[SourceQuality "1"]

1. d4 Nf6 2. c4 e6 3. Nc3 d5 4. cxd5 exd5 5. Bg5 Be7 6. e3 c6 7. Qc2 Nbd7 8. Bd3 h6 9. Bh4 0-0 10. Nge2 Re8 11. 0-0 Bd6 12. h3 Qc7 13. Rac1 a6 14. Rfe1 g5 15. Bg3 Nb6 16. Qb3 Nbd7 17. Bb1 Nf8 18. a3 Ng6 19. Bxd6 Qxd6 20. Ng3 Nh4 21. e4 Qd7 22. e5 Nxg2 23. Kxg2 Qxh3+ 24. Kg1 Ng4 25. Nd1 Nh2 26. Re3 f5 27. Nxf5 Qh5 28. Rh3 1-0

[Event "Oberhausen op"]
[Site "Oberhausen"]
[Date "2010.04.01"]
[Round "1"]
[White "Zatonskih, Anna"]
[Black "Irgel, Klaus"]
[Result "1-0"]
[WhiteElo "2466"]
[BlackElo "1887"]
[PlyCount "84"]
[EventDate "2010.04.01"]
[EventType "swiss"]
[EventRounds "7"]
[EventCountry "GER"]
[SourceTitle "CBM 135 Extra"]
[Source "ChessBase"]
[SourceDate "2010.05.04"]
[SourceVersion "1"]
[SourceVersionDate "2010.05.04"]
[SourceQuality "1"]

1. d4 Nf6 2. c4 e6 3. g3 d5 4. Nf3 Be7 5. Bg2 Nbd7 6. 0-0 c6 7. Qc2 b6 8. Nbd2 Bb7 9. Rd1 Ng4 10. e4 h5 11. h3 Nh6 12. b3 g5 13. exd5 cxd5 14. Ne5 g4 15. Nf1 gxh3 16. Bxh3 Nxe5 17. dxe5 Ng4 18. Qe2 Bc5 19. Ne3 d4 20. Nxg4 hxg4 21. Qxg4 Qe7 22. Bg2 Bxg2 23. Kxg2 Qb7+ 24. f3 0-0-0 25. Bg5 Rhg8 26. Qf4 Rd7 27. Rd3 Qa6 28. Qd2 Qa3 29. Bf4 Bb4 30. Qe2 Bc3 31. Rh1 b5 32. cxb5 Rd5 33. Rc1 Kb8 34. Rc2 Qb4 35. Bd2 Bxd2 36. Qxd2 Qxb5 37. Rxd4 Rgd8 38. Qb4 a6 39. Qxb5+ axb5 40. Rxd5 Rxd5 41. f4 Kb7 42. Kf3 Kb6 1-0